<?xml version="1.0" encoding="UTF-8"?>
<record
    xmlns:xsi="http://www.w3.org/2001/XMLSchema-instance"
    xsi:schemaLocation="http://www.loc.gov/MARC21/slim http://www.loc.gov/standards/marcxml/schema/MARC21slim.xsd"
    xmlns="http://www.loc.gov/MARC21/slim">

  <leader>00930nam a2200205 a 4500</leader>
  <datafield tag="090" ind1=" " ind2=" ">
    <subfield code="a">IAVH</subfield>
    <subfield code="b">01299 CD-9</subfield>
  </datafield>
  <datafield tag="041" ind1=" " ind2=" ">
    <subfield code="a">spa</subfield>
  </datafield>
  <datafield tag="245" ind1=" " ind2=" ">
    <subfield code="a">Informes varios</subfield>
  </datafield>
  <datafield tag="249" ind1=" " ind2=" ">
    <subfield code="a">Informe de actividades de apoyo en los eventos de socializaci&#xF3;n y retroalimentaci&#xF3;n del PAB C&#xF3;rdoba</subfield>
  </datafield>
  <datafield tag="260" ind1=" " ind2=" ">
    <subfield code="a">Monter&#xED;a</subfield>
    <subfield code="b">IAVH</subfield>
    <subfield code="b">CVS</subfield>
    <subfield code="c">2008</subfield>
  </datafield>
  <datafield tag="300" ind1=" " ind2=" ">
    <subfield code="a">1 CD</subfield>
  </datafield>
  <datafield tag="505" ind1=" " ind2=" ">
    <subfield code="a">Informe del estado recursos naturales de C&#xF3;rdoba -- Informe indicadores ambientales CVS -- Informes tem&#xE1;ticos finales pol&#xED;ticas CVS -- Inventario emisiones -- Plaguicidas Sin&#xFA;, San Jorge, Canalete -- Plan maestro desarrollo integral cuenca Sin&#xFA;</subfield>
  </datafield>
  <datafield tag="650" ind1=" " ind2=" ">
    <subfield code="a">Recursos naturales</subfield>
    <subfield code="9">92719</subfield>
  </datafield>
  <datafield tag="650" ind1=" " ind2=" ">
    <subfield code="a">Indicadores ambientales</subfield>
    <subfield code="9">185</subfield>
  </datafield>
  <datafield tag="650" ind1=" " ind2=" ">
    <subfield code="a">Planes de desarrollo</subfield>
    <subfield code="9">92720</subfield>
  </datafield>
  <datafield tag="650" ind1=" " ind2=" ">
    <subfield code="a">Emisiones</subfield>
    <subfield code="9">92721</subfield>
  </datafield>
  <datafield tag="650" ind1=" " ind2=" ">
    <subfield code="a">Plaguicidas</subfield>
    <subfield code="9">92722</subfield>
  </datafield>
  <datafield tag="662" ind1=" " ind2=" ">
    <subfield code="b">C&#xF3;rdoba</subfield>
  </datafield>
  <datafield tag="773" ind1=" " ind2=" ">
    <subfield code="t">Informe de actividades de apoyo en los eventos de socializaci&#xF3;n y retroalimentaci&#xF3;n del PAB C&#xF3;rdoba</subfield>
  </datafield>
  <datafield tag="999" ind1=" " ind2=" ">
    <subfield code="c">7220</subfield>
    <subfield code="d">7220</subfield>
  </datafield>
</record>
